01593nam a2200217Ia 4500001001300000003001000013005001700023008004100040040002500081041000700106100002400113245008300137260002500220300001200245500007500257501003600332520085200368650001501220654001101235700012901246B7130-52956 IT-MiCISF20250516143301.0161014s9999||||xx |||||||||||||| ||und|| aIT-MiCISFcIT-MiCISF ait aCelot Paolo (et al) 0aIl "caso" Italia.bI media e la tutela dei minori nei principali Paesi europei a Roma,bAiart,c2015 app. 268 amassmedia, nuovi-media, diritti-bambino, legislazione, comparazione /  a Aiart. Associazione Spettatori aIl volume è nato con l'obiettivo di richiamare l'attenzione dell'opinione pubblica su un problema di grande attualità e gravità: la carenza di un'efficace tutela dei minori nel nostro Paese in quanto utenti dei media (TV, internet, ecc.), e soprattutto il crescente divario con la tutela dei bambini e degli adolescenti di diversi altri Paesi europei. Il volume, infatti, contiene quattro ampi e ben documentati saggi dedicati ai sistemi di tutela (quadro normativo e intese dell'autonomia provato-collettiva) dei minori in Germani, Francia, Inghilterra e Spagna, che sono poi posti a confronto nei due capitoli conclusivi con la situazione italiana. Una situazione che fa dire agli estensori del volume che l'Italia è "maglia nera" in Europa, come dimostra il caso emblematico della "liquidazione di fatto" del Comitato Media e Minori.  amass-media astudio a Valmachino C., Scarcello M.C., Gaicalone F., Zambonini D., Steemers J., aPattison V., Papa R.A., Marino M., Di Lorenzi C.